| 000 -LEADER |
| fixed length control field |
01957 a2200301 4500 |
| 003 - CONTROL NUMBER IDENTIFIER |
| control field |
OSt |
| 005 - DATE AND TIME OF LATEST TRANSACTION |
| control field |
20180116192336.0 |
| 008 - FIXED-LENGTH DATA ELEMENTS--GENERAL INFORMATION |
| fixed length control field |
120308t xxu||||| |||| 00| 0 eng d |
| 020 ## - INTERNATIONAL STANDARD BOOK NUMBER |
| International Standard Book Number |
3775724931 (hardcover) |
| 020 ## - INTERNATIONAL STANDARD BOOK NUMBER |
| International Standard Book Number |
9783775724937 (hardcover) |
| 040 ## - CATALOGING SOURCE |
| Transcribing agency |
0 |
| 082 04 - DEWEY DECIMAL CLASSIFICATION NUMBER |
| Classification number |
721 |
| 100 1# - MAIN ENTRY--PERSONAL NAME |
| Personal name |
Holl, Steven |
| 9 (RLIN) |
587 |
| 245 10 - TITLE STATEMENT |
| Title |
Steven holl : |
| Remainder of title |
heart / |
| Statement of responsibility, etc. |
,Steven Holl, Holger Reenberg and Juhani Pallasmaa. |
| 250 ## - EDITION STATEMENT |
| Edition statement |
Mul ed. |
| 260 ## - PUBLICATION, DISTRIBUTION, ETC. |
| Place of publication, distribution, etc. |
Germany |
| Name of publisher, distributor, etc. |
Hatje Cantz, |
| Date of publication, distribution, etc. |
2010. |
| 300 ## - PHYSICAL DESCRIPTION |
| Extent |
96 p. ; |
| Other physical details |
ill;. |
| Dimensions |
27 cm. |
| 520 ## - SUMMARY, ETC. |
| Summary, etc. |
The Herning Museum of Contemporary Art (HEART) in Herning, Denmark, inhabits a new building designed by renowned American architect Steven Holl, who was drawn to the project by the institution's collection of works by the Italian Conceptual artist Piero Manzoni. In 1960, shirt-factory owner Aage Damgaard invited Manzoni to Herning, and the industrialist's passion for contemporary art gave rise to a visionary model for cooperation between businesses and artists that ultimately led to the establishment of a new museum. As detailed in this richly illustrated book, Holl's complex museum is surrounded by a landscape of hills and ponds that meshes with his structures; the single-story building itself, with its natural light and innovative roof construction, refers to the formal vocabulary of the 1960s factory opposite. In reference to its origins, an overhead view of the museum recalls outstretched shirtsleeves while the facade resembles wrinkled fabric. |
| 650 ## - SUBJECT ADDED ENTRY--TOPICAL TERM |
| Topical term or geographic name entry element |
Herning kunstmuseum |
| 9 (RLIN) |
588 |
| 650 ## - SUBJECT ADDED ENTRY--TOPICAL TERM |
| Topical term or geographic name entry element |
Art museums |
| General subdivision |
Design and construction |
| 9 (RLIN) |
589 |
| 650 ## - SUBJECT ADDED ENTRY--TOPICAL TERM |
| Topical term or geographic name entry element |
Buildings |
| 9 (RLIN) |
590 |
| 650 ## - SUBJECT ADDED ENTRY--TOPICAL TERM |
| Topical term or geographic name entry element |
Museums |
| General subdivision |
-Design and construction |
| 9 (RLIN) |
591 |
| 700 1# - ADDED ENTRY--PERSONAL NAME |
| Personal name |
Reenberg, Holger |
| 9 (RLIN) |
592 |
| 700 1# - ADDED ENTRY--PERSONAL NAME |
| Personal name |
Pallasmaa, Juhani. |
| 9 (RLIN) |
593 |
| 856 40 - ELECTRONIC LOCATION AND ACCESS |
| Materials specified |
Amazon.com |
| Uniform Resource Identifier |
<a href="http://www.amazon.com/exec/obidos/ASIN/3775724931/chopaconline-20">http://www.amazon.com/exec/obidos/ASIN/3775724931/chopaconline-20</a> |
| 942 ## - ADDED ENTRY ELEMENTS (KOHA) |
| Institution code [OBSOLETE] |
SADA |
| Koha item type |
Book |
| Call number prefix |
721 HOL 2010 |
| Source of classification or shelving scheme |
|